| 000 | 00555nam a22001937a 4500 | ||
|---|---|---|---|
| 005 | 20170303144302.0 | ||
| 010 | _aENG-117381 | ||
| 020 |
_a9789352550401 _c350.00 |
||
| 035 | _aEN-100913 | ||
| 037 | _bDBAD/PUB | ||
| 082 | _a612 | ||
| 100 | _aBasak, A.K. | ||
| 245 |
_aTextbook of physiology for BDS / _cby A K Basak |
||
| 260 |
_aKolkata _bNew Central Book Agency _c2016 |
||
| 270 |
_a8/1 Chintamoni Das Lane _bKolkata _e700009 |
||
| 300 |
_axi,440p : _c24cm (pbk) _bill |
||
| 500 | _aincludes index | ||
| 942 |
_2ddc _cEN _h612 _mBAS |
||
| 999 |
_c137936 _d137936 |
||